Pokemon Evolutions Test Gen 5 - Statistics

General Stats
  • This quiz has been taken 17 times
  • The average score is 8 of 10
Answer Stats
Original Pokemon Name Evolved Pokemon Name % Correct
Shelmet Accelgor
100%
Pawniard Bisharp
100%
Roggenrola Boldore
100%
Minccino Cinccino
100%
Yamask Cofagrigus
100%
Gurdurr Conkeldurr
100%
Dwebble Crustle
100%
Tynamo Elektrik
100%
Golett Golurk
100%
Gothita Gothorita
100%
Fraxure Haxorus
100%
Lillipup Herdier
100%
Zweilous Hydreigon
100%
Klink Klang
100%
Klang Klinklang
100%
Sandile Krokorok
100%
Litwick Lampent
100%
Petilil Liligant
100%
Munna Musharna
100%
Tympole Palpitoad
100%
Duosion Reuniclus
100%
Dewott Samurott
100%
Whirlipede Scolipede
100%
Panpour Simipour
100%
Pansage Simisage
100%
Woobat Swoobat
100%
Patrat Watchog
100%
Cottonee Whimsicott
100%
Deino Zweilous
100%
Elektrik Eelektross
67%
Cubchoo Beartic
50%
Elgyem Beheeyem
50%
Axew Fraxure
50%
Krokorok Krookodile
50%
Ducklett Swanna
50%
Vanillish Vanilluxe
50%
Foongus Amoonguss
33%
Archen Archeops
0%
Rufflet Braviary
0%
Tirtouga Carracosta
0%
Lampent Chandelure
0%
Darumaka Darmanitan
0%
Oshawott Dewott
0%
Solosis Duosion
0%
Pignite Emboar
0%
Karrablast Escavalier
0%
Drilbur Excadril
0%
Ferroseed Ferrothorn
0%
Joltik Galvantula
0%
Trubbish Garbodor
0%
Boldore Gigalith
0%
Gothorita Gothielle
0%
Timburr Gurdurr
0%
Frillish Jellicent
0%
Swadloon Leavany
0%
Purrloin Liepard
0%
Vullaby Mandibuzz
0%
Mienfoo Mienshao
0%
Tepig Pignite
0%
Deerling Sawsbuck
0%
Scraggy Scrafty
0%
Palpitoad Seismitoad
0%
Servine Serperior
0%
Snivy Servine
0%
Pansear Simisear
0%
Herdier Stoutland
0%
Sewaddle Swadloon
0%
Pidove Tranquil
0%
Tranquil Unfezant
0%
Vanillite Vanillish
0%
Larvesta Volcarona
0%
Venipede Whirlipede
0%
Blitzle Zebstrika
0%
Zorua Zoroark
0%
No matching quizzes found
Score Distribution
Percent of People with Each Score
Percentile by Number Answered
Your Score History
You have not taken this quiz